| 000 | 00559nam a22002057a 4500 | ||
|---|---|---|---|
| 003 | OSt | ||
| 005 | 20240731141805.0 | ||
| 008 | 240731b |||||||| |||| 00| 0 eng d | ||
| 020 | _a002410860x | ||
| 040 | _cMUST | ||
| 082 | _a631.4 SIN 1993 | ||
| 100 |
_aSinger Michael _919037 |
||
| 245 |
_aSoils An Introduction _cMichael J.Singer, Donald N.Munns |
||
| 260 |
_aNew York _bMacmillan _c1987 |
||
| 300 |
_axix,492p. _bincludes ill. _c26cm. |
||
| 504 | _aIncludes References,Index | ||
| 651 | _2Soil science | ||
| 651 | _2Soil management | ||
| 942 |
_2ddc _cBOOK |
||
| 999 |
_c9314 _d9314 |
||